[Event "Bundesliga 0001"]
[Site "Germany"]
[Date "2001.03.10"]
[Round "10.6"]
[White "Appel, Ralf"]
[Black "Pelletier, Yannick"]
[Result "1-0"]
[WhiteElo "2481"]
[BlackElo "2474"]
[Annotator "Horn,Pe"]
[PlyCount "63"]
[EventDate "2000.10.14"]
[EventType "team-tourn"]
[EventRounds "15"]
[EventCountry "GER"]
[SourceTitle "CBM 082"]
[Source "ChessBase"]
[SourceDate "2001.05.17"]
[SourceVersion "1"]
[SourceVersionDate "2001.05.17"]
[SourceQuality "1"]
[WhiteTeam "Castrop Rauxel"]
[BlackTeam "Werder Bremen"]
[WhiteTeamCountry "GER"]
[BlackTeamCountry "GER"]

1. Nf3 Nf6 2. g3 d5 3. Bg2 e6 4. O-O Be7 5. d3 O-O 6. Nbd2 c5 7. e4 Nc6 8. Re1
b5 9. e5 Nd7 10. Nf1 a5 11. h4 Ba6 12. h5 b4 13. N1h2 a4 14. a3 Qb8 {
Pelletiers Idee, die er schon vorher angewendet hat. Er möchte mit b4-b3 gegen
den Pd3 spielen.} 15. Ng4 $1 $146 {Möglicherweise eine vorbereitete
Verbesserung.} ({Mit} 15. Bf4 {kam Pelletier ausgezeichnet zurecht:} Qb5 (15...
Nd4 $2 16. Nxd4 cxd4 17. Qg4 Kh8 18. Bxd5 $1 {[%csl Rb8]}) 16. h6 g6 17. Qd2 $1
Rfc8 (17... b3 18. c4 $1) 18. Bg5 Bf8 19. Bf1 $6 (19. Qf4 {Pelletiers
Empfehlung mit den Varianten} b3 $1 (19... bxa3 20. bxa3 Qb2 21. c4 $1) (19...
Nd4 $5 20. Nxd4 cxd4 21. Nf3 bxa3 22. bxa3 Qb2 23. Nxd4 Bc5 24. Nf3 Bxd3 $1
$132) 20. c4 $1 dxc4 21. dxc4 Qxc4 22. Rad1 Qxf4 23. Bxf4 Nb6 (23... Rc7 24.
Ng4 Be7 25. Nf6+ Bxf6 26. exf6 $44) 24. Ng4 Be7 25. Bg5 $44) 19... Nd4 $15 {
Movsziszian,K-Pelletier,Y/Barcelona 2000}) 15... Nd4 ({Wenn Schwarz wie in der
Vorgängerpartie} 15... Qb5 {[%cal Yb4b3] spielt, spart Weiß nach} 16. h6 g6 17.
Bg5 {das Tempo Bc1-f4(-g5).}) ({Wenn Schwarz mit} 15... b3 {die Züge umstellt,
geht einfach} 16. c3 $16 {: Der schwarze Plan am Damenflügel ist in die
Sackgasse geraten, und Weiß hat am Königsflügel freie Hand.}) 16. axb4 $1 {
[%csl Ra4] Schwarz hat jetzt Probleme mit dem Pa4.} (16. Nxd4 cxd4 17. h6 g6
18. axb4 Bxb4 (18... Qxb4 19. b3 $1 $16 {[%cal Rc1a3]}) 19. Bd2 Be7 $1 {
scheint nicht so klar, z.B.:} (19... Bxd2 $2 20. Qxd2 $16) 20. c4 (20. Rxa4
Qxb2 $132) 20... Nc5 21. cxd5 exd5 22. Bxd5 {mit kompliziertem Spiel.}) 16...
Qxb4 (16... Nxf3+ 17. Bxf3 Qxb4 ({Bei} 17... cxb4 18. Rxa4 $16 {ist der Pa4
weg.}) 18. c3 $16 Qb5 $140 19. c4) 17. c3 (17. Nxd4 Qxd4 (17... cxd4 18. b3 $1
{[%cal Rc1a3]}) 18. h6 g6 19. Bf1 f5 (19... Qb4 20. c3 Qb3 21. Rxa4) 20. exf6
Nxf6 21. Ne3 $16) 17... Ne2+ (17... Nxf3+ 18. Bxf3 $16 {s.o.}) 18. Rxe2 Qxg4
19. h6 (19. Rxa4 Qxh5 {käme Schwarz gelegen.}) 19... Qf5 ({Schwarz hat keine
Zeit für} 19... g6 $4 {einfach wegen} 20. Rxa4) (19... Bb5 20. hxg7 Kxg7 21.
Re1 $16 {und Schwarz hat für die Schwächung des Königsfügels (ebenfalls)
nichts vorzuweisen.}) 20. hxg7 Rfd8 ({Nach dem Nehmen} 20... Kxg7 {gerät der
Kg7 in einen Angriff:} 21. Re3 Nb6 22. Nh4 Bxh4 23. gxh4 Kh8 (23... Rg8 $2 24.
Rf3 Qxe5 25. Bf4 Qf6 26. Bc7 $18) 24. Rf3 Qxe5 25. Bh6 Rg8 26. Rxf7 $18) 21.
Re3 Nb6 $2 (21... Bb5 {hält den Druck gegen Pe5 aufrecht. Die schwarze
Stellung ist danach sehr verdächtig, da der schwarze Königsflügel geschwächt
ist (ohne Aussicht auf Besserung), aber es ist garnicht so einfach, den Gewinn
nachzuweisen, z.B.:} 22. c4 (22. Nh4 Bxh4 23. gxh4 Nxe5 24. d4 cxd4 25. cxd4 (
25. Qxd4 Nd3 26. Rf3 Qe4 $1 $13) 25... Nd3 26. Rf3 Qe4 $1 $13) (22. d4 Qg4 $16)
22... Bc6 23. Nh4 (23. cxd5 Bxd5 24. Nh4 (24. Rxa4 Rxa4 25. Qxa4 Bxf3 26. Rxf3
Qh5) 24... Bxh4 25. Bxd5 exd5 26. gxh4 Kxg7 27. Rg3+ Kh8 $14) 23... Bxh4 24.
gxh4 Nxe5 25. Qe2 Ng6 26. Rg3 $16) 22. Nh4 $1 $18 {Nun ist es sofort aus.} Bxh4
(22... Qg5 23. Re4 $18) 23. gxh4 {[%cal Rg2h3]} h6 (23... d4 24. cxd4 cxd4 25.
Rg3 Qxe5) 24. Bh3 Qh7 25. Rg3 Nd7 26. d4 Bc4 27. Kh2 Rdb8 28. Qg4 Rb6 29. Qf4
cxd4 30. cxd4 Bd3 31. Ra3 Rb3 32. Rf3 1-0

[Event "Dortmund-C"]
[Site "Dortmund"]
[Date "1991.??.??"]
[Round "8"]
[White "Kochyev, Alexander"]
[Black "Keitlinghaus, Ludger"]
[Result "1/2-1/2"]
[WhiteElo "2500"]
[BlackElo "2400"]
[Annotator "Horn,Pe"]
[PlyCount "88"]
[EventDate "1991.03.23"]
[EventType "tourn"]
[EventRounds "9"]
[EventCountry "GER"]
[EventCategory "8"]
[SourceTitle "CBM 023"]
[Source "ChessBase"]
[SourceDate "1991.08.01"]
[SourceVersion "1"]
[SourceVersionDate "1991.08.01"]
[SourceQuality "1"]

1. e4 e6 2. d3 d5 3. Nd2 c5 4. g3 Nc6 5. Bg2 Nf6 6. Ngf3 b6 7. O-O Bb7 8. Re1
Be7 9. c3 Qc7 10. Nf1 d4 {leicht ungewöhnlich} 11. e5 (11. cxd4 $5 cxd4 (11...
Nxd4 12. Nxd4 cxd4 13. f4 $14) 12. a3 $14) 11... Nd7 12. Qe2 {N} (12. Bf4 Rd8
13. h4 dxc3 14. bxc3 c4 15. d4 Nc5 $13 {Lutikov-Nej, Daugavpils 1974}) 12... h6
13. h4 O-O-O 14. N1h2 Kb8 15. a3 Ka8 16. cxd4 Nxd4 17. Nxd4 cxd4 18. b4 (18.
Bd2 $5 $14) 18... Bxg2 19. Kxg2 Qb7+ 20. Qe4 Nb8 21. Nf3 Rd5 22. Qg4 (22. Nxd4
$4 Rxd4 $19) (22. Bb2 Nc6 23. Rac1 $14) (22. Bd2 Nc6 23. Rab1 $14) (22. h5 $5
$14) 22... g6 23. Re4 {/\ Rxd4+-} Nc6 24. Qf4 (24. Rb1 $4 Nxe5 25. Nxe5 Rxe5
$19) 24... Rf8 25. Qxh6 (25. Bb2 $2 f5 26. exf6 (26. Re2 g5 27. hxg5 hxg5 28.
Nxg5 Bxg5 29. Qxg5 Nxe5) 26... Rxf6 27. Qxh6 Rdf5) 25... Nxe5 26. Nxe5 Rxe5 27.
Qf4 Rh5 28. Qf3 e5 29. Re2 Bd6 30. Bd2 f5 31. Rc1 Qxf3+ 32. Kxf3 $14 Kb7 33.
Bg5 Rh7 34. b5 Rc7 35. Rxc7+ Kxc7 36. g4 fxg4+ 37. Kxg4 Kd7 38. Rc2 Ke6 (38...
Bxa3 39. Ra2) 39. a4 Kd5 {/\ e4} (39... e4 $2 40. Re2) 40. f3 Bc5 41. a5 Rb8
42. a6 Rf8 43. Rc1 Rf7 44. Bd2 Rf8 1/2-1/2

[Event "Vrnjacka Banja"]
[Site "Vrnjacka Banja"]
[Date "1991.??.??"]
[Round "11"]
[White "Davies, Nigel Rodney"]
[Black "Cvetkovic, Srdjan"]
[Result "0-1"]
[WhiteElo "2500"]
[BlackElo "2470"]
[Annotator "Horn,Pe"]
[PlyCount "64"]
[EventDate "1991.04.??"]
[EventType "tourn"]
[EventRounds "15"]
[EventCountry "YUG"]
[EventCategory "9"]
[SourceTitle "CBM 023"]
[Source "ChessBase"]
[SourceDate "1991.08.01"]
[SourceVersion "1"]
[SourceVersionDate "1991.08.01"]
[SourceQuality "1"]

1. Nf3 d5 2. g3 Nf6 3. Bg2 e6 4. O-O Be7 5. d3 b6 6. Nbd2 Bb7 7. e4 c5 8. Re1
Nc6 9. Qe2 Qc7 10. c3 O-O {Man beachte die Finesse: Schwarz wartet c2-c3 ab.}
11. e5 Nd7 12. Nf1 Rae8 13. Bf4 Bd8 {N} (13... Qd8 14. h4 f5 15. exf6 Bxf6 16.
Ng5 Nde5 17. Bxe5 Bxe5 18. Bh3 Bc8 19. Nh2 h6 20. Ngf3 Bf6 21. Nd2 e5 $10 {
Damljanovic-Vukovic, JUG-ch 1990}) 14. h4 Qb8 15. N1h2 Bc7 16. Bh3 f6 17. d4 (
17. exf6 $5 Bxf4 (17... e5 18. fxg7 Rf7 19. Bg5) (17... Rxf6 18. Bxc7 Qxc7 19.
Ng4 Rf7 20. Nge5 Ndxe5 21. Nxe5 Nxe5 22. Qxe5) 18. Bxe6+ Kh8 19. fxg7+ Kxg7 20.
gxf4 Rf6 (20... Qxf4) 21. f5 Nf8 22. Qd2 Nxe6 23. fxe6 Rexe6 $44) 17... cxd4
18. cxd4 fxe5 19. dxe5 Nc5 $1 { >>a6} 20. Ng5 (20. Qd1 Ba6 21. Bf1 Bxf1 22.
Kxf1 Ne4 $17) 20... h6 21. Qh5 Re7 $1 (21... hxg5 22. hxg5 { g6+-}) 22. Ng4
Qe8 $1 23. Nxh6+ (23. Qxe8 Rexe8 24. Nf3 Nd3 $19) 23... gxh6 24. Qxh6 Nd4 $19
25. Rac1 Nf5 26. Qf6 Rxf6 27. exf6 Bxf4 28. gxf4 Rf7 29. Bxf5 Rxf6 30. Bh7+ Kh8
31. b4 Qh5 32. bxc5 Qg4+ 0-1

[Event "Bucharest ENE"]
[Site "Bucharest"]
[Date "1993.??.??"]
[Round "4"]
[White "Chernov, Vadim A"]
[Black "Schwartzman, Gabriel"]
[Result "1/2-1/2"]
[WhiteElo "2400"]
[BlackElo "2480"]
[Annotator "Horn,Pe"]
[PlyCount "143"]
[EventDate "1993.??.??"]
[EventType "tourn"]
[EventRounds "11"]
[EventCountry "ROU"]
[EventCategory "8"]
[SourceTitle "CBM 040"]
[Source "ChessBase"]
[SourceDate "1994.06.01"]
[SourceVersion "1"]
[SourceVersionDate "1994.06.01"]
[SourceQuality "1"]

1. e4 e6 2. d3 d5 3. Nd2 Nf6 4. Ngf3 b6 5. c3 Be7 6. Qa4+ Bd7 $146 (6... c6) (
6... Qd7) 7. Qc2 Bc6 8. e5 Nfd7 9. d4 Bb7 {Several tempi have been lost on
both sides.} 10. Bd3 h6 (10... c5 $6 11. Bxh7 c4 (11... g6 12. Bxg6 fxg6 13.
Qxg6+ Kf8 14. Qxe6) 12. Qb1 g6 13. Bxg6 fxg6 14. Qxg6+ Kf8 15. Qxe6 $16) 11. b4
c5 (11... c6 12. a4 $14) 12. Qb1 c4 13. Bc2 b5 14. h4 Nc6 15. h5 a5 16. a3 Qc7
17. Nf1 a4 {/\ 0-0-0,f6} (17... O-O $2 18. Ne3 f6 19. Bh7+ Kh8 20. Nh4 fxe5 (
20... f5 21. Bg6) 21. Ng6+ Kxh7 22. Nxf8+ (22. Nxe7+ Kh8 23. Ng6+ Kg8 24. Nxf8
Nxf8 25. dxe5 $13) 22... Kg8 23. Nxe6 Qb8 24. Qg6 Bf6 25. Nf5 $18) 18. Bf4
O-O-O 19. Ne3 $6 (19. Bg3 $14) 19... f6 20. exf6 Qxf4 21. fxe7 Nxe7 22. Rh4 Qd6
23. Rg4 e5 (23... Nf6 $5 24. Rxg7 (24. Rh4 Ne4 $6 25. Bxe4 dxe4 26. Nd2 (26.
Ne5 Rhf8) 26... Nf5 27. Nxe4 Bxe4 28. Rxe4 Nxe3 29. Rxe3 Qh2 $13) 24... Nxh5
25. Rg4 $13) 24. Bf5 Nxf5 25. Nxf5 Qf8 26. dxe5 (26. Nxg7 Rg8 27. Ne6 (27. Qg6
exd4 28. Nxd4 Qe7+ 29. Kf1 Ne5) 27... Qe7 28. Nxd8 (28. Rxg8 Rxg8 29. Qf5 Rxg2)
28... Rxg4) 26... Re8 27. N5d4 Nxe5 28. Nxe5 Rxe5+ 29. Kf1 Rxh5 30. Kg1 Qd6 31.
g3 Qe7 32. Qg6 (32. Nxb5 $2 d4) 32... Rg5 33. Rxg5 hxg5 34. Kg2 Qe4+ 35. Qxe4
dxe4 36. g4 Rf8 (36... e3+ $2 37. f3 Re8 38. Rh1) 37. Kg3 Kb8 38. Rh1 (38. Nxb5
$2 Rf3+ 39. Kg2 e3) 38... Rd8 39. Re1 g6 40. Rh1 Kc8 41. Rh7 Rxd4 42. cxd4 Bd5
43. Kg2 c3 44. Rh1 e3+ 45. f3 c2 46. Rc1 Bb3 47. Kf1 Bc4+ 48. Kg2 Bd3 49. Kg3
Kd7 50. f4 Kd6 51. Kf3 gxf4 52. Kxf4 e2 53. Ke3 Bc4 54. Kd2 Kd5 55. Rxc2 Kxd4
56. g5 Ke4 57. Rc3 Bd3 58. Rc5 Kf3 59. Re5 Bc4 60. Re8 Kf4 61. Rc8 Kxg5 62. Rf8
Kg4 63. Rh8 g5 64. Ke1 Kg3 65. Rh6 g4 66. Rg6 Kf3 67. Rf6+ Kg3 68. Rg6 Kh4 69.
Kf2 g3+ 70. Ke1 Bf7 71. Rg7 Be6 72. Re7 1/2-1/2

[Event "Bucharest ENE"]
[Site "Bucharest"]
[Date "1993.??.??"]
[Round "4"]
[White "Komliakov, Viktor"]
[Black "Lupu, Mircea Sergiu"]
[Result "1-0"]
[WhiteElo "2440"]
[BlackElo "2400"]
[Annotator "Horn,Pe"]
[PlyCount "97"]
[EventDate "1993.??.??"]
[EventType "tourn"]
[EventRounds "11"]
[EventCountry "ROU"]
[EventCategory "8"]
[SourceTitle "CBM 040"]
[Source "ChessBase"]
[SourceDate "1994.06.01"]
[SourceVersion "1"]
[SourceVersionDate "1994.06.01"]
[SourceQuality "1"]

1. e4 e6 2. d3 d5 3. Nd2 Nf6 4. Ngf3 Nc6 5. c3 a5 6. Be2 Bd6 (6... Be7 7. O-O
O-O 8. a4 (8. Re1 b6 9. Qc2 Ba6 10. Nf1 Qd6 $10 {Mestel-Short/Marbella/1982})
8... e5 9. Re1 Re8 10. Bf1 Bf8 $10 {Komliakov-Brynell/Manila/1992}) (6... dxe4
$6 7. dxe4 e5 8. Bb5 (8. O-O Bc5 9. Bb5 Qe7 10. Nc4 $14 {Hartston-Short/London/
1978}) 8... Bd6 9. O-O O-O 10. Qc2 Qe7 11. Re1 $14 {Martin del Campo-Arencibia/
Sagua la Grande/1989}) (6... g6 7. O-O Bg7 8. Re1 O-O 9. Qc2 $13 {
Britton-McDonald/Eastbourne/1991}) 7. O-O O-O 8. Re1 Re8 9. Bf1 e5 {White has
gained 2 tempi compared to Philidor's defense.} 10. b3 h6 $146 (10... Bg4 11.
h3 Bh5 12. Bb2 Bc5 13. Qc2 Qb8 14. a3 Qa7 15. Re2 d4 {Zpevak-Priehoda/Sumperk/
1984}) 11. a3 Bc5 12. Bb2 d4 13. c4 g6 14. g3 Kh7 15. Nh4 Ng8 16. Ng2 (16. Bg2
Be7) 16... f5 $6 17. exf5 (17. f4 Nf6 $15) 17... Bxf5 (17... gxf5 18. Qh5) 18.
Nh4 Bd7 19. Bg2 {><e4} Nf6 (19... g5 $2 20. Be4+) 20. Ne4 (20. Bc1 g5 21. Nhf3
Bf5 $13) 20... Be7 21. Bc1 Ng8 (21... Nxe4 $6 22. Rxe4 (22. Bxe4 Bxh4 23. Qh5
Bf5 24. Qxh4 Qxh4 25. gxh4 $13) 22... g5 (22... Bf5 $2 23. Nxf5 gxf5 24. Qh5
fxe4 25. Bxe4+ $18) 23. Qh5 gxh4 24. Qxh6+ Kg8 25. Qg6+ Kh8 26. Rg4 $40) 22.
Nf3 Bf5 $6 (22... Qc8 {/\ Bg4}) 23. h3 Qd7 24. Kh2 (24. g4 $1 Be6 25. Ng3 Bf6
26. Nd2 $14) 24... Rf8 25. Ra2 Rf7 26. Rae2 Raf8 27. Nfd2 b6 28. Rf1 Kh8 29.
Ree1 g5 30. Nf3 Bg6 31. Nfd2 h5 (31... Bf5 $5) 32. Kg1 Rg7 33. Nb1 Be8 $6 (
33... Bf5) 34. Bd2 Nd8 $6 35. Bc1 (35. b4 $14) 35... Qf5 $2 (35... g4 $6 36. h4
) (35... c5) 36. g4 $1 Qh7 $6 (36... hxg4 37. hxg4 Qf7 38. Ng3 $16) 37. Ng3
hxg4 38. hxg4 Bg6 39. Be4 $1 $18 (39. Rxe5 Bxd3) 39... Qh4 40. Bxg6 Rxg6 41.
Kg2 {/\ Rh1+-} Qh7 42. Rh1 Nh6 43. Nd2 Kg8 44. Nde4 Ne6 45. Nf5 Nf4+ 46. Bxf4
gxf4 47. Kf3 Bxa3 48. Rh5 Rf7 49. Reh1 1-0

[Event "Vienna op"]
[Site "Vienna"]
[Date "1990.??.??"]
[Round "7"]
[White "Psakhis, Lev"]
[Black "Kohlweyer, Bernd"]
[Result "1-0"]
[WhiteElo "2575"]
[BlackElo "2385"]
[Annotator "Horn,Pe"]
[PlyCount "120"]
[EventDate "1990.10.??"]
[EventType "swiss"]
[EventRounds "9"]
[EventCountry "AUT"]
[SourceTitle "CBM 021"]
[Source "ChessBase"]
[SourceDate "1991.04.01"]
[SourceVersion "1"]
[SourceVersionDate "1991.04.01"]
[SourceQuality "1"]

1. e4 c5 2. Nf3 e6 3. d3 d5 4. Nbd2 Nc6 5. g3 Nf6 6. Bg2 Be7 7. O-O b6 8. Re1
Bb7 9. c3 Qc7 10. a3 a5 11. a4 O-O-O $6 (11... O-O 12. e5 Nd7 13. Qe2 Rae8 14.
Nf1 f6 15. exf6 Bxf6 16. Ng5 Nde5 $132 {Ostermeyer-Breutigam, BL 88/89}) 12. e5
Nd7 13. d4 g5 (13... cxd4 14. cxd4 Nb4 15. Re3 {/\ Rc3}) 14. Nb1 $1 {/\ Na3-b5}
h6 (14... g4 $2 15. Ng5) 15. Na3 Ndb8 (15... g4 16. Nd2 cxd4 17. Nb5 $16) 16.
Be3 Ba6 17. Nb5 Qd7 18. Rc1 g4 $2 19. Nd2 cxd4 $6 20. cxd4 $16 h5 21. Nb1 $1
Kb7 22. N1c3 Nb4 23. Rf1 $1 {/\ f3} N8c6 24. f3 gxf3 25. Rxf3 Qe8 26. Qd2 Qg8
27. h4 Rh7 28. Kh2 Rd7 29. Rcf1 Nd8 30. Ne2 {/\ Nf4-h3,Bg5} Ndc6 31. R1f2 Na7
32. Nec3 Nac6 33. Bf1 Qg6 34. Bg5 $1 {><d6,><f6} Bxg5 35. Qxg5 Qxg5 36. hxg5 {
/\ Nd6+} Bxb5 37. Nxb5 Rg7 38. Kh3 Rxg5 39. Rxf7 Rxf7 40. Rxf7+ Kb8 41. Rf8+
Kb7 42. Rf7+ Kb8 43. Be2 Nc2 44. Rf8+ Kb7 45. Rf7+ Kb8 46. Rf4 Ne3 47. Rf8+ Kb7
48. Rf7+ Kb8 49. Rf8+ Kb7 50. Nd6+ Ka7 51. Rf7+ Kb8 52. Rf8+ Ka7 53. Rf4 Nf5
54. Nxf5 Rxf5 55. Rxf5 exf5 56. e6 Kb7 57. Bb5 Ne7 58. Kh4 Kc7 59. Kg5 Kd6 60.
Kf6 Ng8+ 1-0

[Event "Groningen op"]
[Site "Groningen"]
[Date "1990.??.??"]
[Round "6"]
[White "Bosboom, Manuel"]
[Black "Hansen, Curt"]
[Result "1/2-1/2"]
[WhiteElo "2470"]
[BlackElo "2560"]
[Annotator "Horn,Pe"]
[PlyCount "87"]
[EventDate "1990.??.??"]
[EventType "swiss"]
[EventRounds "9"]
[EventCountry "NED"]
[SourceTitle "CBM 022"]
[Source "ChessBase"]
[SourceDate "1991.06.01"]
[SourceVersion "1"]
[SourceVersionDate "1991.06.01"]
[SourceQuality "1"]

1. e4 c5 2. Nf3 e6 3. d3 d5 4. Nbd2 Nc6 5. g3 Nf6 6. Bg2 Be7 7. O-O a5 {
Die Grundidee gibt es vielen Variationen: Die 0-0 wird wegen e4-e5 zurück-
gestellt.} 8. a4 (8. e5 Nd7 9. Re1 Qc7 10. Qe2 g5 $13 {Kozlov,Vad-Kozlov,Vl}) (
8. Re1 $5 b6 9. e5 Nd7 10. c4 Nb4 11. Nf1 Bb7 12. a3 Na6 13. h4 Nc7 14. Ng5 $16
{Yudasin-Lputian, URS-ch 1982}) 8... O-O {N} (8... b6 9. Re1 Bb7 10. c3 h6 $5 (
10... O-O 11. e5 $16 {Larsen}) 11. Qe2 (11. h4 $5) 11... Qd7 (11... Ba6 $5 12.
e5 Nd7) 12. exd5 $6 (12. e5 Nh7 13. Nf1 d4 $13) 12... exd5 13. d4 Ba6 $15 {
Geller-Larsen, Biel izt 1976}) 9. Re1 b6 10. exd5 (10. e5 $5 {wäre die
kritische Variante.}) 10... exd5 11. Nf1 Be6 12. Bf4 $14 {Die offene e-Linie
erhöht die Remistendenz.} Bd6 13. Qd2 Rc8 14. Ng5 Bf5 15. Bxd6 Qxd6 16. Ne3 Bd7
17. Nh3 Nd4 18. Nf4 Bc6 19. h4 Rfe8 20. Qd1 Rcd8 21. c3 Ne6 22. Nf5 Qc7 23.
Nxe6 fxe6 24. Ne3 e5 25. d4 Qd7 26. b3 Re7 27. Ra2 exd4 28. cxd4 Rde8 29. Rf1
Ne4 30. Bxe4 Rxe4 31. Rd2 Bb7 32. Ng2 Qh3 33. Re1 c4 34. Rxe4 Rxe4 35. Qf3 Ba6
36. bxc4 Bxc4 37. Ne3 h6 38. Rd1 Rxh4 39. Nxc4 dxc4 40. Qd5+ Kh7 41. gxh4 Qg4+
42. Kh2 Qxh4+ 43. Kg2 Qg4+ 44. Kh2 1/2-1/2

[Event "Tel Aviv super 1st"]
[Site "Tel Aviv"]
[Date "1999.05.14"]
[Round "4"]
[White "Tseitlin, Mark D"]
[Black "Sutovsky, Emil"]
[Result "1-0"]
[WhiteElo "2490"]
[BlackElo "2612"]
[Annotator "Horn,Pe"]
[PlyCount "69"]
[EventDate "1999.05.11"]
[EventType "tourn"]
[EventRounds "9"]
[EventCountry "ISR"]
[EventCategory "14"]
[SourceTitle "CBM 071"]
[Source "ChessBase"]
[SourceDate "1999.08.01"]
[SourceVersion "1"]
[SourceVersionDate "1999.08.01"]
[SourceQuality "1"]

1. e4 c5 2. Nf3 e6 3. d3 Nc6 4. g3 d5 5. Nbd2 Nf6 6. Bg2 Be7 7. O-O b6 8. Re1
Bb7 9. c3 Qc7 10. a3 O-O-O 11. b4 dxe4 (11... c4 12. e5 Nd7 13. d4 g5 14. Nf1
h6 15. a4 Rde8 16. Ba3 f5 17. exf6 Bxf6 18. b5 Ne7 $2 {1-0 Haakert,
J-Zimmermann,F/Frankfurt 1988}) 12. dxe4 Nd7 {[%cal Yd7e5,Ye5d3]} (12... Ng4
13. Qa4 (13. b5 Na5 14. Qe2 c4 15. h3 Nf6 16. Nd4 e5 17. Nf5 Bc5 18. Nxg7 Rd3
19. Nf1 {1/2-1/2 Badapov,S-Yatsimirsky,Y/URS-chT10 1994}) 13... Bf6 14. b5 (14.
bxc5 $5) 14... Na5 $1 (14... Bxc3 15. bxc6 Bxc6 16. Qa6+ Bb7 17. Qxa7 Bxa1 18.
Nc4 $40) 15. Qc2 Ne5 16. Nxe5 Qxe5 17. Re3 c4 $15 {Bofill,A-Ehrke,A/Groningen
1988}) (12... Ne5 $2 13. Nxe5 Qxe5 14. Qc2 $16 Rd7 $2 15. Nc4 $18 {Kais,
E-Kranz,A/Goetzis 1995}) 13. Qb3 $1 $146 {[%mdl 8]} (13. Qa4 Bf6 (13... Kb8 14.
Nc4) 14. Bb2 (14. Re3 Kb8 15. Ne1 g5 16. Rb1 g4 17. h4 Nce5 18. Qc2 c4 $17 {
Trisic,A-Buhr,C/Hamburg 1998}) 14... Nce5 15. Bf1 (15. Rab1) 15... Kb8 16. Qb3
g5 17. Rac1 $2 (17. Rad1) 17... g4 18. Nd4 Bg5 $19 {Forgacs,G-Breutigam,M/
Delmenhorst 1987}) 13... Nde5 14. Nxe5 Nxe5 15. Nc4 Nd3 (15... Nxc4 16. Qxc4
$14) 16. Rd1 Nxc1 (16... h5 $2 17. Rxd3 $1 Rxd3 18. Bf4 $16) 17. Rdxc1 Kb8 (
17... b5 18. Na5 c4 19. Qc2 $16) 18. b5 $16 {[%csl Gc4] Der Nc4 ist ideal
plaziert.} h5 19. a4 {[%cal Ya4a5]} Bg5 20. Re1 h4 21. a5 hxg3 22. hxg3 Kc8 23.
axb6 axb6 24. Ra7 {[%cal Re4e5]} (24. Qa4 {war auch nicht schlecht:} Rd7 25.
Qa7 Bd8 26. Rad1 $18) 24... e5 25. Rea1 Rh6 26. Bf3 (26. f4) 26... Rdh8 (26...
f5 27. Rxb7 Qxb7 28. Nxe5 fxe4 29. Bg2 Qd5 30. Qxd5 Rxd5 31. Nf7 $16) (26...
Kb8 27. Rxb7+ Kxb7 28. Qa2 $18) 27. Rxb7 (27. Nxb6+ $2 Rxb6 (27... Qxb6) 28.
Bg4+ Kd8 (28... Kb8 29. Qa2 $18 {[%cal Ra7a8]}) 29. Rd1+ Ke8 30. Rd7 c4 $1 31.
Qa3 Bxe4 $17) 27... Kxb7 (27... Qxb7 28. Nxe5 $18 {[%cal Re5f7,Re5c6]}) 28. Qa2
(28. Nxb6 c4 (28... Rxb6 29. Qd5+ $18) (28... Kxb6 29. Ra6+ Kb7 30. Qd5+ $18) (
28... Qxb6 29. Qxf7+ Kb8 30. Qd5 $18) 29. Nxc4 $18) 28... Kc8 (28... Qb8 29.
Nxe5 Qxe5 30. Qa7+ Kc8 31. Bg4+ Re6 32. Qxf7 $18) 29. Qa8+ Kd7 30. Qd5+ $2 (30.
Nxe5+ Qxe5 (30... Ke7 31. Qd5 $18) 31. Ra7+ Ke6 32. Qb7 $18) 30... Ke8 31. Nxe5
Rd6 (31... Bd8 $5) 32. Ra8+ Rd8 $2 (32... Bd8 33. Qa2 $16) 33. Bg4 $1 $18 Rxa8
34. Bd7+ Kd8 (34... Ke7 35. Qxf7+ Kd8 36. Nc6+ $18) 35. Nc6+ 1-0

[Event "ROM-ch"]
[Site "Bucharest"]
[Date "1998.12.11"]
[Round "4"]
[White "Badea, Bela"]
[Black "Danilov, Ilie Vladimir"]
[Result "1-0"]
[WhiteElo "2530"]
[BlackElo "2335"]
[Annotator "Horn,Pe"]
[PlyCount "85"]
[EventDate "1998.12.08"]
[EventType "tourn"]
[EventRounds "15"]
[EventCountry "ROU"]
[EventCategory "9"]
[SourceTitle "CBM 069"]
[Source "ChessBase"]
[SourceDate "1999.04.01"]
[SourceVersion "1"]
[SourceVersionDate "1999.04.01"]
[SourceQuality "1"]

1. Nf3 d5 2. g3 Nf6 3. Bg2 e6 4. O-O Be7 5. d3 O-O 6. Nbd2 c5 7. e4 Nc6 8. Re1
dxe4 9. dxe4 e5 {Diese im letzten Zug eingeleitete Verteidigung wird von
stärkeren Spielern selten angewandt, da Schwarz sich ständig mit der
Felderschwäche auf d5 herumplagen muß.} 10. c3 h6 {[%cal Yc8e6]} (10... Qc7) (
10... Be6) 11. Nc4 (11. Qc2 Be6) 11... Qxd1 (11... Qc7 12. Ne3 $14) 12. Rxd1
Nxe4 $146 (12... Bg4 13. h3 Bxf3 14. Bxf3 Rfd8 15. Rxd8+ Rxd8 16. a4 b6 17. Kf1
Bf8 18. Ke2 $14 {Tkachiev-Handoko/Jakarta 1996}) 13. Nfxe5 Nxe5 14. Nxe5 $16 {
[%csl Gg2] Schwarz ist zwar das Problem mit der schlechten Bauernstruktur im
Zentrum losgeworden; dafür hat aber der Bg2 einen netten Ausblick gewonnen.}
Nf6 15. h3 {Verhindert einen weiteren entlastenden Tausch auf g4.} (15. Be3 Ng4
) (15. Bf4 g5 16. Be3 Ng4) 15... a5 {[%cal Ya8a6,Ya5a4] Der Bc8 ist an den Pb7
gebunden. Deswegen sucht Schwarz nach anderen Möglichkeiten, den Ra8 zu
entwickeln.} 16. a4 {Die schwachen Bauern am Damenflügel bilden jetzt das
natürliche Ziel der weißen Figuren.} Ra6 17. Be3 Re6 18. Nc4 b6 19. f4 $1 {
Nutzt die exponierte Stellung des Re6.} Bd8 (19... Ba6 $2 {kostet die Qualität:
} 20. f5 $16) 20. f5 Re7 21. Bf4 Ba6 22. Ne5 {[%cal Re5c6]} Bb7 23. Bxb7 Rxb7
24. Nc4 Bc7 $2 (24... Be7 {war noch am hartnäckigsten.}) 25. Bxc7 Rxc7 26. Nxb6
Re8 27. Nc4 Re2 28. Re1 $18 {Der Re2 kann sich nicht auf der 2.Reihe behaupten.
} Rc2 29. Rac1 Rxc1 30. Rxc1 Ra7 31. Rd1 Nd7 32. Kf2 Kf8 33. Re1 Ra6 34. Ke3 g6
35. Rf1 Ke7 36. Kd3 h5 37. Re1+ Kf6 38. fxg6 fxg6 39. Re8 Kg5 40. Re7 Nf8 41.
Re5+ Kh6 42. Rxc5 Rf6 43. Nd2 1-0